LEADER 00700nam a2200181 i 4500 001 000000187147 003 CaOOAMICUS 005 20100311000000.0 008 100311s1935 it u000 u ita u 013 $a165208 040 $aSeMil$bita 245 10$aLettere pastorali dal 1917 al 1924. 300 $a247 p., [1] p. di tav. 700 1 $aBacciarini, Aurelio Stefano,$c.$0(OLS)http://semarc/name/10299 773 0 $aCattori, Emilio$tVoce d'apostolo.$d[S.l. : s.n.], 1935-1936$gVolume1$w()23103 850 $aSeMil 852 $aSeMil$W1$xVenegono$y1$m3F IV 309$j137834$B137834$CSeMilBibl$Z2$F149312 $81 996 $6245$aLettere pastorali dal 1917 al 1924$9(OLS)http://semarc/title/269195 LEADER 00641nab a2200133 i 4500 001 000000310346 003 CaOOAMICUS 005 20180831173012.0 008 180831n xx uu u0 0und r 013 $a19438 040 $aSeMil$bita 245 10$aDi una risposta ad un caso morale esegetico pubblicato sul periodico «L?Avvisatore Ecclesiastico» di Savona sul matrimonio di Maria SS. con S. Giuseppe. 773 0 $t[Gennaio-Giugno].$g320-327$w()273964 996 $6245$aDi una risposta ad un caso morale esegetico pubblicato sul periodico «L?Avvisatore Ecclesiastico» di Savona sul matrimonio di Maria SS. con S. Giuseppe$9(OLS)http://semarc/title/385182